zpět

Detail výsledku týmu

Tankovna Hutník, Karviná

Datum a čas kvízu

42.5 Celkem bodů Celkový počet nahraných bodů na tomto kvízu bez doplňovacích otázek.
1. Pořadí na kvízu Konečné umístění týmu na tomto kvízu.

Zaznamenané odpovědi

# Otázka Odpověď Body Výsledky
1. Katedrála svatého Víta se po č... Petr Pavel 1
2. Koncem týdne jsme se dozvěděli... Skype 1
3. Na jezeře v Mostě padl minulý... C) otužovaly se 1
4. Nová platforma Oneplay, která... O2 TV a Voyo 1
5. Ve středu odstartoval v norské... klasické (severské) lyžování 1
6. Jak zní oficiální anglický náz... Montenegro 1
7. V jistém městě v Královéhradec... Červený Kostelec 1
8. Která známá historická osobnos... Adolf Hitler 1
9. Jak se jmenuje národní park, v... Yellowstonský národní park 1
10. Jak se nazývá německé pohoří,... Černý les (Schwarzwald) 1